|
|
|
|
| LEADER |
00000nam a2200000 a 4500 |
| 001 |
vtls001219834 |
| 003 |
SK-MaSNL |
| 005 |
20260401121609.0 |
| 008 |
240509s1996 xo ap r yy slo |
| 015 |
|
|
|a SNBA1996/1002730
|
| 020 |
|
|
|a 8022507598
|c 27,00 Sk (200 výt.)
|
| 035 |
|
|
|a SNK000164299
|
| 035 |
|
|
|a urn:nbn:sk:snk-amtiv8
|
| 035 |
|
|
|a urn:nbn:sk:snk-am00c6f4
|
| 035 |
|
|
|a 71D78EA7-4DE3-4550-88E5-1C55D5F743E7
|
| 040 |
|
|
|a SNK
|b slo
|c SNK
|e AACR2
|
| 041 |
0 |
|
|a slo
|
| 044 |
|
|
|a xo
|c SK
|
| 080 |
|
|
|a 658.114(075.8)
|2 1981
|
| 100 |
1 |
|
|a Varcholová, Tatiana,
|d 1950-
|4 aut
|9 1636015
|
| 245 |
1 |
0 |
|a Podnikateľské riziká
|c Tatiana Varcholová
|
| 260 |
|
|
|a Bratislava
|b Ekonóm
|c 1996
|
| 300 |
|
|
|a 121 s.
|b Grafy, sch., tab.
|c 29 cm
|
| 504 |
|
|
|a Bibliogr. s. 121
|
| 650 |
0 |
7 |
|a podnikanie
|x riziko
|2 SNK
|9 296214
|
| 655 |
|
7 |
|a Textbooks (higher)
|2 SNKPHeng
|9 276436
|
| 655 |
|
7 |
|a učebnice vysokých škôl
|2 SNKPH
|9 70191
|
| 919 |
|
|
|a 80-225-0759-8
|
| 958 |
0 |
7 |
|a RM
|
| 958 |
0 |
7 |
|a NB
|
| 958 |
0 |
7 |
|a UV
|
| 999 |
|
|
|c 968849
|d 970779
|
| 952 |
|
|
|t P60, <09>, [BOOK], {629}
|a SNK
|b SNK
|y NEVYP
|7 0
|o snkB 751
|i snk2707/960816
|0 0
|1 0
|4 0
|d 1996-08-15
|l 0
|r 2005-01-01 00:00:00
|w 2026-02-24
|
| 952 |
|
|
|t P60, <03>, [BOOK], {603}
|a SNK
|b SNK
|y PREZ
|7 0
|p 17A0008354
|o snkSB 55743
|i snkKSP 6413/96
|0 0
|1 0
|4 0
|d 1996-08-15
|f 1
|l 0
|r 2025-03-28 00:00:00
|w 2026-02-24
|
| 952 |
|
|
|t P60, <04>, [BOOK], {604}
|a SNK
|b SNK
|y VYP
|7 0
|p 17A0008353
|o snkSB 55743 D1
|i snkKSP 6414/96
|0 0
|1 0
|4 0
|d 1996-08-15
|l 0
|r 2005-01-01 00:00:00
|w 2026-02-24
|